书目信息 |
| 题名: |
老梁故事汇
|
|
| 作者: | 梁宏达 著 | |
| 分册: | 历史春秋 | |
| 出版信息: | 北京 作家出版社 2016 |
|
| 页数: | 378页 | |
| 开本: | 24cm | |
| 丛书名: | ||
| 单 册: | ||
| 中图分类: | I247.81 , K220.9 | |
| 科图分类: | ||
| 主题词: | 故事--gu shi--作品集--中国--当代 , 作品集--zuo pin ji , 中国--zhong guo | |
| 电子资源: | ||
| ISBN: | 978-7-5063-8337-0 | |
| 000 | 00977nam0 22002891 450 | |
| 001 | 0103153608 | |
| 005 | 20170503153608.0 | |
| 010 | @a978-7-5063-8337-0@dCNY39.00 | |
| 100 | @a20151120d2016 em y0chiy50 ea | |
| 101 | 0 | @achi |
| 102 | @aCN@b110000 | |
| 105 | @ay z 000fy | |
| 106 | @ar | |
| 200 | 1 | @a老梁故事汇@9lao liang gu shi hui@i历史春秋@f梁宏达著 |
| 210 | @a北京@c作家出版社@d2016 | |
| 215 | @a378页@d24cm | |
| 330 | @a本书分为商周传奇、战国奇人、始皇之谜、女皇功过、可汗轶事、明帝秘闻、乱世豪杰、清帝权术、慈禧揭秘等部分,主要包括:纣王真的是暴君吗、一代妖姬苏妲己、周文王真的是一代贤君吗、奇人吕不韦、秦始皇陵等。 | |
| 333 | @a一般读者 | |
| 517 | 1 | @a历史春秋@9li shi chun qiu |
| 606 | 0 | @a故事@9gu shi@x作品集@y中国@z当代 |
| 606 | 0 | @a作品集@9zuo pin ji |
| 606 | 0 | @a中国@9zhong guo |
| 690 | @aI247.81@v5 | |
| 690 | @aK220.9@v5 | |
| 701 | 0 | @a梁宏达@9liang hong da@4著 |
| 801 | 0 | @aCN@bTANGWEI@c20170308 |
| 905 | @b0967181-4@dI247.81@e523@f4 | |
| 老梁故事汇.历史春秋/梁宏达著.-北京:作家出版社,2016 |
| 378页;24cm |
| 使用对象:一般读者 |
| ISBN 978-7-5063-8337-0:CNY39.00 |
| 本书分为商周传奇、战国奇人、始皇之谜、女皇功过、可汗轶事、明帝秘闻、乱世豪杰、清帝权术、慈禧揭秘等部分,主要包括:纣王真的是暴君吗、一代妖姬苏妲己、周文王真的是一代贤君吗、奇人吕不韦、秦始皇陵等。 |
| ● |
| 相关链接 |
|
|
|
|
正题名:老梁故事汇
索取号:I247.81/523
 
预约/预借
| 序号 | 登录号 | 条形码 | 馆藏地/架位号 | 状态 | 备注 |
| 1 | 0967181 | 209671817 | 第一样本阅览室/ [索取号:I247.81/523] | 在馆 | |
| 2 | 0967182 | 209671826 | 第二借阅区/ [索取号:I247.81/523] | 在馆 | |
| 3 | 0967183 | 209671835 | 第二借阅区/ [索取号:I247.81/523] | 在馆 | |
| 4 | 0967184 | 209671844 | 第二借阅区/ [索取号:I247.81/523] | 在馆 |